コンテンツを見る

Производство по обращениям граждан в таможенных органах Учебное пособие

В учебном пособии раскрываются теоретико-правовые положения производства по обращениям граждан рассмотрены организационные особенности такого производства в таможенных органах. Пособие предназначено для магистрантов Российской таможенной академии изучающих правовые основы производства по обращениям...

詳細記述

保存先:
書誌詳細
第一著者: Сафоненков П.Н
フォーマット: Учебное пособие
版:1
オンライン・アクセス:https://znanium.com/catalog/document?id=121516
https://znanium.com/cover/0561/561314.jpg
タグ: タグ追加
タグなし, このレコードへの初めてのタグを付けませんか!
LEADER 02394nam0a2200301 i 4500
001 RU\infra-m\znanium\bibl\561314
003 https://znanium.com/catalog/document?id=121516
005 20240729000000.0
010 |a 978-5-16-112831-2  |b электр. издание 
100 |a 20240729d2016 m y0rusy0150 ca 
101 0 |a rus 
102 |a RU 
200 1 |a Производство по обращениям граждан в таможенных органах  |e Учебное пособие  |f Государственный университет управления 
205 |a 1 
210 1 |a Москва  |c Издательский Центр РИОР  |d 2017 
215 |a 115 с. 
330 |a В учебном пособии раскрываются теоретико-правовые положения производства по обращениям граждан рассмотрены организационные особенности такого производства в таможенных органах. Пособие предназначено для магистрантов Российской таможенной академии изучающих правовые основы производства по обращениям граждан по направлению подготовки: 030900.68 «Юриспруденция» (магистерская программа «Административная юрисдикционная деятельность таможенной администрации»). 
333 |a ВО - Магистратура 
606 |a Право. Юридические науки  |x Таможенное право. Таможня  |2 local 
608 |a Учебное пособие  |2 local 
675 |a 342  |z rus 
686 |a 67401  |2 rubbk 
686 |a 38.05.02  |2 okso 
686 |a 40.04.01  |2 okso 
700 1 |a Сафоненков  |b П.Н.  |g Павел Николаевич  |p Государственный университет управления 
801 0 |a RU  |b Общество с ограниченной ответственностью «ЗНАНИУМ»  |c 20160523  |2 rusmarc 
856 4 |a znanium.com  |m ebs_support@infra-m.ru  |n НИЦ ИНФРА-М  |u https://znanium.com/catalog/document?id=121516 
856 4 1 |a znanium.com  |d /cover/0561  |f 561314.jpg  |q image/jpeg  |u https://znanium.com/cover/0561/561314.jpg